000 00373nam a22001577a 4500
003 OSt
005 20160303123033.0
008 160303b xxu||||| |||| 00| 0 eng d
020 _a9780321691231
040 _cN/A
100 _aWiss .A. Weiss
245 _aElementary Statistics
250 _a8th ed
260 _aBoston
_bPearson Education Inc
_c2012
942 _2lcc
_cBK
999 _c252758
_d252757